LEADER 02212nam0 2200469 i 450 001 VAN0133240 005 20230623105006.483 017 70$2N$a9783642453021 100 $a20210407d2014 |0itac50 ba 101 $aeng 102 $aDE 105 $a|||| ||||| 200 1 $aWhat are the Stars?$fGanesan Srinivasan 210 $aBerlin$cSpringer$d2014 215 $axlv, 177 p.$cill.$d24 cm 410 1$1001VAN0117860$12001 $aUndergraduate lecture notes in physics$1210 $aBerlin [etc.]$cSpringer 500 1$3VAN0157043$aWhat are the Stars?$91770881 606 $a85-XX$xAstronomy and Astrophysics [MSC 2020]$3VANC023246$2MF 606 $a83C40$xGravitational energy and conservation laws; groups of motions [MSC 2020]$3VANC023257$2MF 606 $a85A15$xGalactic and stellar structure [MSC 2020]$3VANC023268$2MF 606 $a83C55$xMacroscopic interaction of the gravitational field with matter (hydrodynamics, etc.) [MSC 2020]$3VANC023436$2MF 606 $a85A25$xRadiative transfer in astronomy and astrophysics [MSC 2020]$3VANC025509$2MF 606 $a85A05$xGalactic and stellar dynamics [MSC 2020]$3VANC036147$2MF 606 $a76E20$xStability and instability of geophysical and astrophysical flows [MSC 2020]$3VANC036193$2MF 610 $aBirth of stars$9KW:K 610 $aBlack holes$9KW:K 610 $aLife of Stars$9KW:K 610 $aNature of Stars$9KW:K 610 $aNeutron Stars$9KW:K 610 $aStellar Astrophysics for Undergraduates$9KW:K 610 $aWhite Dwarfs$9KW:K 620 $dBerlin$3VANL000066 700 1$aSrinivasan$bGanesan$3VANV106991$0792012 712 $aSpringer $3VANV108073$4650 801 $aIT$bSOL$c20240614$gRICA 856 4 $uhttp://doi.org/10.1007/978-3-642-45302-1$zE-book ? Accesso al full-text attraverso riconoscimento IP di Ateneo, proxy e/o Shibboleth 899 $aBIBLIOTECA DEL DIPARTIMENTO DI MATEMATICA E FISICA$1IT-CE0120$2VAN08 912 $fN 912 $aVAN0133240 950 $aBIBLIOTECA DEL DIPARTIMENTO DI MATEMATICA E FISICA$d08CONS e-book 2155 $e08eMF2155 20210407 996 $aWhat are the Stars$91770881 997 $aUNICAMPANIA LEADER 02723nam0 22006133i 450 001 VAN0275088 005 20240614022401.709 017 70$2N$a9783030854768 100 $a20240416d2021 |0itac50 ba 101 $aeng 102 $aCH 105 $a|||| ||||| 200 1 $aOperational Research$eIO 2019, Tomar, Portugal, July 22?24$fSusana Relvas ... [et al.] editors 210 $aCham$cSpringer$d2021 215 $axi, 184 p.$cill.$d24 cm 410 1$1001VAN0102574$12001 $aSpringer proceedings in mathematics & statistics$1210 $aBerlin [etc.]$cSpringer$v374 606 $a90C90$xApplications of mathematical programming [MSC 2020]$3VANC019710$2MF 606 $a90Bxx$xOperations research and management science [MSC 2020]$3VANC019945$2MF 606 $a00B25$xProceedings of conferences of miscellaneous specific interest [MSC 2020]$3VANC020732$2MF 606 $a90-XX$xOperations research, mathematical programming [MSC 2020]$3VANC025650$2MF 610 $aClustering analysis$9KW:K 610 $aContinuous Optimization$9KW:K 610 $aData envelopment analysis$9KW:K 610 $aDecision Support Systems$9KW:K 610 $aDecision analysist$9KW:K 610 $aDiscrete Optimization$9KW:K 610 $aGame Theory$9KW:K 610 $aLogistics$9KW:K 610 $aMetaheuristics$9KW:K 610 $aModeling$9KW:K 610 $aMulticriteria$9KW:K 610 $aNetworks$9KW:K 610 $aNonlinear Programming$9KW:K 610 $aProduction management$9KW:K 610 $aScheduling$9KW:K 610 $aSimulation$9KW:K 610 $aSupply chain$9KW:K 620 $aCH$dCham$3VANL001889 702 1$aRelvas$bSusana$3VANV227584 712 12$aCongress of the Portuguese Association of Operational Research$f2019$eTomar, Portugal$3VANV227585 712 02$aSpringer$ceditore$3VANV108073 791 02$aSpringer Vieweg$zSpringer $3VANV228239 791 02$aSpringer Telos$zSpringer $3VANV108074 791 02$aSpringer Fachmedien$zSpringer $3VANV108075 791 02$aSpringer Spektrum$zSpringer $3VANV226738 791 02$aSpringer, Julius$zSpringer $3VANV230226 801 $aIT$bSOL$c20240621$gRICA 856 4 $uhttps://doi.org/10.1007/978-3-030-85476-8$zE-book ? Accesso al full-text attraverso riconoscimento IP di Ateneo, proxy e/o Shibboleth 899 $aBIBLIOTECA DEL DIPARTIMENTO DI MATEMATICA E FISICA$1IT-CE0120$2VAN08 912 $fN 912 $aVAN0275088 950 $aBIBLIOTECA DEL DIPARTIMENTO DI MATEMATICA E FISICA$d08CONS e-book 8351 $e08eMF8351 20240430 996 $aOperational Research$93872898 997 $aUNICAMPANIA LEADER 02224nam0 2200481 i 450 001 VAN00132883 005 20240806100837.934 017 70$2N$a9783319053141 100 $a20210330d2014 |0itac50 ba 101 $aeng 102 $aCH 105 $a|||| ||||| 200 1 $aˆThe ‰ITU and Managing Satellite Orbital and Spectrum Resources in the 21. Century$fAudrey L. Allison 210 $aCham$cSpringer$cInternational Space University$d2014 215 $axii, 94 p.$cill.$d24 cm 410 1$1001VAN00118864$12001 $aSpringerBriefs in Space Development$1210 $aCham [etc.]$cSpringer 500 1$3VAN00141029$aˆThe ‰ITU and Managing Satellite Orbital and Spectrum Resources in the 21. Century$91770424 606 $a85-XX$xAstronomy and Astrophysics [MSC 2020]$3VANC023246$2MF 606 $a94Axx$xCommunication, information [MSC 2020]$3VANC021303$2MF 610 $a2012 World Radiocommunication$9KW:K 610 $aConference$9KW:K 610 $aGlobal Satellite Industry$9KW:K 610 $aITU United Nations$9KW:K 610 $aInternational Space Law$9KW:K 610 $aInternational Telecommunications Union$9KW:K 610 $aOuter Space Regulation$9KW:K 610 $aSatellite Access$9KW:K 610 $aSatellite Regulation$9KW:K 610 $aSaturation of Geostationary Orbit$9KW:K 610 $aSpace Technology$9KW:K 610 $aTelecommunications Technology$9KW:K 620 $aCH$dCham$3VANL001889 700 1$aAllison$bAudrey L.$3VANV106722$0791808 712 $aInternational Space University$3VANV115211$4650 712 $aSpringer $3VANV108073$4650 801 $aIT$bSOL$c20241115$gRICA 856 4 $uhttp://doi.org/10.1007/978-3-319-05314-1$zE-book ? Accesso al full-text attraverso riconoscimento IP di Ateneo, proxy e/o Shibboleth 899 $aBIBLIOTECA DEL DIPARTIMENTO DI MATEMATICA E FISICA$1IT-CE0120$2VAN08 912 $fN 912 $aVAN00132883 950 $aBIBLIOTECA DEL DIPARTIMENTO DI MATEMATICA E FISICA$d08DLOAD e-book 2058 $e08eMF2058 20210330 996 $aITU and Managing Satellite Orbital and Spectrum Resources in the 21. Century$91770424 997 $aUNICAMPANIA